| 000 -LEADER |
| fixed length control field |
01719cam a22004214a 4500 |
| 001 - CONTROL NUMBER |
| control field |
13725644 |
| 003 - CONTROL NUMBER IDENTIFIER |
| control field |
OSt |
| 005 - DATE AND TIME OF LATEST TRANSACTION |
| control field |
20180117090009.0 |
| 008 - FIXED-LENGTH DATA ELEMENTS--GENERAL INFORMATION |
| fixed length control field |
040921s2005 enkab b 001 0 eng |
| 010 ## - LIBRARY OF CONGRESS CONTROL NUMBER |
| LC control number |
2004022195 |
| 020 ## - INTERNATIONAL STANDARD BOOK NUMBER |
| International Standard Book Number |
140512430X (pbk. : alk. paper) |
| 040 ## - CATALOGING SOURCE |
| Original cataloging agency |
DLC |
| Transcribing agency |
DLC |
| Modifying agency |
DLC |
| 042 ## - AUTHENTICATION CODE |
| Authentication code |
pcc |
| 043 ## - GEOGRAPHIC AREA CODE |
| Geographic area code |
e-uk--- |
| 050 00 - LIBRARY OF CONGRESS CALL NUMBER |
| Classification number |
HD596 |
| Item number |
.P56 2005 |
| 082 00 - DEWEY DECIMAL CLASSIFICATION NUMBER |
| Classification number |
333.3/0941 |
| Edition number |
22 |
| 245 00 - TITLE STATEMENT |
| Title |
Planning, public policy & property markets / |
| Statement of responsibility, etc. |
edited by David Adams, Craig Watkins, and Michael White. |
| 246 3# - VARYING FORM OF TITLE |
| Title proper/short title |
Planning, public policy and property markets |
| 260 ## - PUBLICATION, DISTRIBUTION, ETC. |
| Place of publication, distribution, etc. |
Oxford, UK ; |
| -- |
Malden, MA : |
| Name of publisher, distributor, etc. |
Blackwell Publishing, |
| Date of publication, distribution, etc. |
2005. |
| 300 ## - PHYSICAL DESCRIPTION |
| Extent |
xix, 280 p. : |
| Other physical details |
ill., maps ; |
| Dimensions |
25 cm. |
| 490 1# - SERIES STATEMENT |
| Series statement |
Real estate issues |
| 500 ## - GENERAL NOTE |
| General note |
"RICS Research"--Cover. |
| 504 ## - BIBLIOGRAPHY, ETC. NOTE |
| Bibliography, etc. note |
Includes bibliographical references (p. [253]-272) and index. |
| 650 #0 - SUBJECT ADDED ENTRY--TOPICAL TERM |
| Topical term or geographic name entry element |
Land use |
| General subdivision |
Government policy |
| Geographic subdivision |
Great Britain. |
| 650 #0 - SUBJECT ADDED ENTRY--TOPICAL TERM |
| Topical term or geographic name entry element |
Real estate development |
| General subdivision |
Government policy |
| Geographic subdivision |
Great Britain. |
| 650 #0 - SUBJECT ADDED ENTRY--TOPICAL TERM |
| Topical term or geographic name entry element |
Housing policy |
| Geographic subdivision |
Great Britain. |
| 650 #0 - SUBJECT ADDED ENTRY--TOPICAL TERM |
| Topical term or geographic name entry element |
Commercial real estate |
| Geographic subdivision |
Great Britain. |
| 700 1# - ADDED ENTRY--PERSONAL NAME |
| Personal name |
Adams, David, |
| Dates associated with a name |
1954- |
| 700 1# - ADDED ENTRY--PERSONAL NAME |
| Personal name |
Watkins, Craig. |
| 700 1# - ADDED ENTRY--PERSONAL NAME |
| Personal name |
White, Michael, |
| Dates associated with a name |
1965- |
| 710 2# - ADDED ENTRY--CORPORATE NAME |
| Corporate name or jurisdiction name as entry element |
RICS Research. |
| 830 #0 - SERIES ADDED ENTRY--UNIFORM TITLE |
| Uniform title |
Real estate issues (Oxford, England) |
| 856 41 - ELECTRONIC LOCATION AND ACCESS |
| Materials specified |
Table of contents |
| Uniform Resource Identifier |
<a href="http://www.loc.gov/catdir/toc/ecip051/2004022195.html">http://www.loc.gov/catdir/toc/ecip051/2004022195.html</a> |
| 906 ## - LOCAL DATA ELEMENT F, LDF (RLIN) |
| a |
7 |
| b |
cbc |
| c |
orignew |
| d |
1 |
| e |
ecip |
| f |
20 |
| g |
y-gencatlg |
| 942 ## - ADDED ENTRY ELEMENTS (KOHA) |
| Source of classification or shelving scheme |
|
| Koha item type |
Book |